| 000 | 00345nam a2200145Ia 4500 | ||
|---|---|---|---|
| 008 | 230917s9999||||xx |||||||||||||| ||und|| | ||
| 040 |
_e46349 _aMAIN |
||
| 041 | _aEnglish | ||
| 082 | _a823.7 E44S:G | ||
| 100 | _aStephen, Leslie | ||
| 245 | 0 | _aGeorge Eliot | |
| 260 |
_aLudhiana _bLuall Book Depot _c1968 |
||
| 300 | _avi, 212 p. | ||
| 942 | _cBK | ||
| 999 |
_c39159 _d39159 |
||